Statistics for Kader Borussia Dortmund 2019/20

Click here to take the quiz!

General Stats

  • This quiz has been taken 155 times
  • The average score is 16 of 32

Answer Stats

HINWEISAnswer% Correct
TORRoman Bürki
98%
MITMarco Reus
92%
ABWMats Hummels
92%
TORMarwin Hitz
84%
ABWManuel Akanji
77%
STJadon Sancho
71%
STJulian Brandt
71%
MITAxel Witsel
66%
ABWMarcel Schmelzer
64%
MITRaphael Guerreiro
64%
ABWDan-Axel Zagadou
63%
STPaco Alcácer
63%
MITMario Götze
60%
MITMahmoud Dahoud
56%
STThorgan Hazard
55%
ABWNico Schulz
51%
ABWAchraf Hakimi
50%
ABWLukasz Piszczek
50%
MITThomas Delaney
46%
MITJulian Weigl
40%
MITMarius Wolf
33%
ABWMateu Morey
27%
TORErik Oelschlägel
26%
MITTobias Raschl
23%
STJakob Bruun Larsen
22%
ABWLeonardo Balerdi
20%
ABWÖmer Toprak
19%
MITShinji Kagawa
18%
STAndré Schürrle
17%
STMaximilian Philipp
14%
MITSergio Gómez
11%
MITSebastian Rode
8%

Score Distribution

Percentile by Number Answered

Percent of People with Each Score

Your Score History

You have not taken this quiz